| 000 | 00901nam a22002297a 4500 | ||
|---|---|---|---|
| 001 | 80284 | ||
| 003 | BD-RjUL | ||
| 005 | 20230418121710.0 | ||
| 008 | 220901s1984 bg a|||| m||| 00| 0 eng d | ||
| 035 | _a(BD-RjUL)80284 | ||
| 040 |
_aBD-RjUL _beng _cBD-RjUL _dBD-RjUL |
||
| 041 | _aeng | ||
| 082 |
_223 _a595.769 _bRAB 1984 |
||
| 100 |
_aRahman, A. S. M. Shafiqur _93723 |
||
| 245 | 1 | 0 |
_aBiology and Ecology of predaceous coccinellids with special reference to their incidence in response to aphid population and temperature / _cBy A. S. M. Shafiqur Rahman ; _6Supervisor : M. A. Quayum |
| 260 |
_aRajshahi : _bDepartment of Zoology, University of Rajshahi, _c1984 |
||
| 300 |
_a[8], 105 leaves : _bill, ; _c29.cm. |
||
| 502 | _aThesis (M. Phil.) -- Department of Zoology, University of Rajshahi, 1984 | ||
| 650 |
_aCoccinellidae _94599 |
||
| 700 |
_aQuayum, M. A. Supervisor _94539 |
||
| 942 |
_2ddc _cTHE |
||
| 999 |
_c80284 _d80284 |
||